000 00809cam a2200217 4500
001 ABS62676
008 000000n2000 000 0 eng u
035 _a(Sirsi) u107809
100 _aBrewer, G.
245 _aHow to negotiate but protect yourself too
260 _c2000
490 _aContract Journal
_v19 July 2000, 26(1)
520 _aExplains the concept of 'without prejudice' and how the term applies within the context of the Civil Procedure Rules Rule 31. Refers to the case "Rush and Tompkins v GLC" which concerned the application of the term 'without prejudice'.
590 _aABS
650 _aWITHOUT PREJUDICE
650 _aCIVIL PROCEDURE RULES
650 _aRUSH AND TOMPKINS V GLC
650 _aNEGOTIATION
690 _aBUILT ENVIRONMENT-BUILDING CONTRACT FORMS
942 _n0
999 _c64396
_d64396